000 00630nam a22002057a 4500
999 _c12323
_d12323
003 AR-CdUCM
008 190408b ||||| |||| 00| 0 spa d
040 _aMUNICIPALIDAD PROVINCIAL DEL CUSCO
_cBIBLIOTECA MUNICIPAL DEL CUSCO
082 _aC / 869.56 /
_bN56
100 _aNieto, Luis
_911864
245 _aNueva canción Aimara /
260 _aCusco :
_bEdiciones El Fusil y la Guitarra,
_c1949.
300 _a59 páginas ;
_c12 cm.
505 _aContenido: Poemas.
650 _aLiteratura Peruana
_9132
650 _aPoemas Cusqueños
_917375
650 _aSiglo XX
_98
942 _2ddc
_cLIBROS
945 _aachl
_d2019-04-08